| 000 | 00446nam a22001457a 4500 | ||
|---|---|---|---|
| 999 |
_c9403 _d9403 |
||
| 008 | 151027b xxu||||| |||| 00| 0 eng d | ||
| 020 | _a9789966465351 | ||
| 050 | _aPL 8704 .M53 2012 | ||
| 100 | _aMkangi, Katama. | ||
| 245 |
_aUkiwa / _cKatama Mkangi |
||
| 260 |
_aNairobi : _bEast African Educational Publishers, _c 2012. |
||
| 300 |
_a101p. ; _c18 cm. |
||
| 650 | _aRiwaya. | ||
| 942 |
_2lcc _cAFRICANA _hPL 8704 .M53 2012 _014 |
||